Mistério e existência: a vida segundo Severiano de Resende (Record no. 601343)
[ view plain ]
| 000 -CABECERA | |
|---|---|
| Campo de control de longitud fija | 00490nab a2200145Ia 4500 |
| 003 - IDENTIFICADOR DEL NÚMERO DE CONTROL | |
| Campo de control | ES-SlBCS |
| 005 - FECHA Y HORA DE LA ÚLTIMA TRANSACCIÓN | |
| Campo de control | 20210705211836.0 |
| 008 - CÓDIGOS DE INFORMACIÓN DE LONGITUD FIJA | |
| Campo de control de longitud fija | 140529s1999 xxu||||| |||| 00| 0 por d |
| 041 ## - CÓDIGO DE LENGUA | |
| Código de lengua del texto/banda sonora o título independiente | por |
| 100 1# - PUNTO DE ACCESO PRINCIPAL-NOMBRE DE PERSONA | |
| Nombre de persona | Carvalho, José Mauricio de |
| 9 (RLIN) | 124654 |
| 245 00 - MENCIÓN DE TÍTULO | |
| Título | Mistério e existência: a vida segundo Severiano de Resende |
| Mención de responsabilidad, etc. | José Mauricio de Carvalho |
| 600 14 - PUNTO DE ACCESO ADICIONAL DE MATERIA-NOMBRE DE PERSONA | |
| Nombre personal | Resende, Severiano de |
| 9 (RLIN) | 208995 |
| 773 0# - ENLACE AL DOCUMENTO FUENTE | |
| Título | Educaçao e Filosofia |
| Parte(s) relacionada(s) | vol. 13, nº. 25, 1999, págs. 123-140 |
| Número de control del registro relacionado | Rev1534 |
| 942 ## - ENTRADA DE ELEMENTOS AGREGADOS (KOHA) | |
| Koha [por defecto] tipo de item | Artículos de revista |
| Suprimido | Perdido | Estropeado | No para préstamo | Localización permanente | Localización actual | Localización en estantería | Fecha adquisición | Préstamos totales | Fecha última consulta | Fecha del precio de reemplazo | Tipo de item de Koha |
|---|---|---|---|---|---|---|---|---|---|---|---|
| San Esteban | San Esteban | Depósito de revistas | 11/07/2014 | 11/07/2014 | 11/07/2014 | Artículos de revista |
